[Event "Reykjavik Open 2026"]
[Site "Reykjavik ISL"]
[Date "2026.03.26"]
[Round "2.20"]
[White "Ruiz Buendia, Miguel"]
[Black "Brodsky, David"]
[Result "1/2-1/2"]
[WhiteTitle "FM"]
[BlackTitle "GM"]
[WhiteElo "2279"]
[BlackElo "2505"]
[WhiteFideId "24537675"]
[BlackFideId "2073250"]
[EventDate "2026.03.25"]

1. e4 c5 2. Nf3 Nc6 3. Bb5 g6 4. O-O Bg7 5. Re1 e5 6. Bxc6 dxc6 7. a4 Qe7 8. Na3
Nh6 9. d3 f6 10. Nc4 b6 11. h3 O-O 12. Be3 Nf7 13. a5 b5 14. Ncd2 Nd8 15. Nb3
Ne6 16. Qd2 Rd8 17. Qc3 Bf8 18. a6 Bd7 19. Na5 Nd4 20. Nh2 g5 21. Qd2 h5 22. c3
Ne6 23. Nb7 Re8 24. Nf3 Bc8 25. d4 exd4 26. cxd4 Bxb7 27. axb7 Qxb7 28. dxc5
Bxc5 29. e5 Bxe3 30. Rxe3 f5 31. Rd3 Rad8 32. Rxd8 Rxd8 33. Qe3 Qb6 34. Qb3 Rd5
35. Qc2 Ng7 36. Nxg5 Rxe5 37. Rd1 c5 38. Qd3 Qc6 39. Qg3 Qe8 40. Nf3 Re7 41. Qd6
c4 42. Kh2 Re6 43. Qc7 Re7 44. Qd6 Re6 45. Qc7 Re7 1/2-1/2

[Event "Reykjavik Open 2026"]
[Site "Reykjavik ISL"]
[Date "2026.03.26"]
[Round "2.21"]
[White "Razafindratsima, Timothe"]
[Black "De Vleeschauwer, Maarten"]
[Result "1-0"]
[WhiteTitle "IM"]
[BlackTitle "FM"]
[WhiteElo "2504"]
[BlackElo "2277"]
[WhiteFideId "36069884"]
[BlackFideId "214809"]
[EventDate "2026.03.25"]

1. e4 c5 2. Nf3 e6 3. Be2 Nc6 4. O-O Nf6 5. Nc3 d6 6. d4 cxd4 7. Nxd4 Be7 8. Be3
O-O 9. f4 Bd7 10. Nb3 Rc8 11. a3 Qc7 12. Qe1 Rfd8 13. Rd1 Be8 14. Qf2 Qb8 15. g4
d5 16. e5 Nd7 17. g5 a6 18. Bd3 g6 19. Ne2 Qc7 20. h4 Na5 21. Nbd4 Nc4 22. Bc1
Nc5 23. h5 Ne4 24. Qf3 Qb6 25. Kg2 Bc5 26. Bxc4 Bxd4 27. Rxd4 Rxc4 28. hxg6 Rxc2
29. Rb4 Bb5 30. gxf7+ Kh8 31. Rh1 Bxe2 32. Rxb6 Bd1+ 33. Kh3 Bxf3 34. Rxe6 Rf8
35. Rg1 Rxf7 36. Re8+ Kg7 37. e6 Rfc7 38. Be3 Kg6 39. Rf8 Re2 40. f5+ Kg7 41.
Rd8 Bg2+ 42. Rxg2 Rxe3+ 43. Kh2 Re7 44. Rxd5 Rf3 45. Rg4 Nf6 46. gxf6+ Kxf6 47.
Rg8 Rc7 48. Kg2 Rb3 49. Rf8+ Kg5 50. f6+ Kf4 51. Rd2 Rg3+ 52. Kf2 Rf3+ 53. Kg2
Rg3+ 54. Kh2 Rg6 55. Rf7 Rh6+ 56. Kg2 Rg6+ 57. Kh2 Rh6+ 58. Kg2 Rg6+ 59. Kf1
Rc1+ 60. Kf2 Rcg1 61. Rg7 R1g2+ 62. Kf1 Rg1+ 63. Ke2 Rxg7 64. e7 R7g2+ 65. Kd3
Rxd2+ 66. Kxd2 1-0

[Event "Reykjavik Open 2026"]
[Site "Reykjavik ISL"]
[Date "2026.03.26"]
[Round "2.22"]
[White "Yip, Carissa"]
[Black "Loncke, Matthieu"]
[Result "1/2-1/2"]
[WhiteTitle "IM"]
[WhiteElo "2486"]
[BlackElo "2263"]
[WhiteFideId "2090732"]
[BlackFideId "45197148"]
[EventDate "2026.03.25"]

1. Nf3 Nf6 2. g3 g6 3. b3 Bg7 4. Bb2 d6 5. d4 c5 6. c4 Ne4 7. e3 Qa5+ 8. Nbd2
Bg4 9. Bg2 cxd4 10. Bxd4 Bxd4 11. exd4 Nc6 12. O-O Nxd2 13. Qxd2 Qxd2 14. Nxd2
Nxd4 15. Bxb7 Rb8 16. Be4 O-O 17. f3 Bd7 18. f4 a5 19. Kf2 Ne6 20. Rab1 Rb6 21.
Rfe1 Rfb8 22. Bd5 Kf8 23. Re3 Nc5 24. Ne4 a4 25. Nxc5 dxc5 26. Bf3 Be6 27. Be2
Rb4 28. Rc3 h5 29. Ke3 Ke8 30. Rb2 Bd7 31. Bd1 Be6 32. Rd2 axb3 33. axb3 Ra8 34.
Rcd3 Rbb8 35. Bf3 Ra6 36. Rc3 Rab6 37. Rb2 Ra6 38. Rd2 Rab6 39. Bd1 Rd6 40. Rcd3
Rxd3+ 41. Rxd3 Rd8 42. Bf3 Rxd3+ 43. Kxd3 Kd7 44. Kc3 Kd6 45. b4 cxb4+ 46. Kxb4
Bd7 47. c5+ Kc7 48. Bd5 f6 49. Kc4 Bf5 50. Kd4 e6 51. Bf3 Bh3 52. Be4 Bf5 53.
Bg2 Bg4 54. h3 Bf5 55. Kc4 Kd7 56. Kb5 Kc7 57. Bf1 Be4 58. Kc4 Bf5 59. Bg2 Kd7
60. Kb5 Kc7 61. c6 e5 62. fxe5 fxe5 63. Kc5 e4 64. Kd4 Kxc6 65. Bxe4+ Bxe4 66.
Kxe4 Kd6 67. Kf4 Ke6 68. Kg5 Kf7 69. Kh6 Kf6 70. g4 hxg4 71. hxg4 g5 72. Kh7 Kf7
73. Kh6 Kf6 74. Kh5 Kf7 75. Kxg5 Kg7 76. Kf5 Kf7 77. g5 Kg7 78. g6 Kg8 79. Kf6
Kf8 80. g7+ Kg8 81. Kg6 1/2-1/2

[Event "Reykjavik Open 2026"]
[Site "Reykjavik ISL"]
[Date "2026.03.26"]
[Round "2.23"]
[White "Sivanandan, Bodhana"]
[Black "Chen, Qi b"]
[Result "1/2-1/2"]
[WhiteTitle "WIM"]
[BlackTitle "IM"]
[WhiteElo "2268"]
[BlackElo "2484"]
[WhiteFideId "497592"]
[BlackFideId "8614733"]
[EventDate "2026.03.25"]

1. e4 c5 2. Nf3 Nc6 3. Bb5 h6 4. O-O g5 5. c3 g4 6. Ne1 a6 7. Bxc6 dxc6 8. d4 e5
9. Nc2 cxd4 10. cxd4 exd4 11. Nxd4 Bg7 12. Nb3 Qxd1 13. Rxd1 a5 14. a4 Ne7 15.
Nc3 f5 16. Be3 fxe4 17. Nxe4 Nf5 18. Bd2 Bxb2 19. Rab1 Bg7 20. Nxa5 O-O 21. Nxb7
Bxb7 22. Rxb7 Rxa4 23. Nc5 Ra2 24. Ne4 Re8 25. Ng3 Rf8 26. Nxf5 Rxf5 27. Be3 Rd5
28. Rc1 Rc2 29. Rcb1 h5 30. g3 Kh7 31. Rc7 Kg6 32. Rbb7 Bh6 33. Bxh6 Kxh6 34.
Rd7 Rxd7 35. Rxd7 Rc1+ 36. Kg2 Rc2 37. Rf7 Kg6 38. Rf8 c5 39. h3 gxh3+ 40. Kxh3
c4 1/2-1/2

[Event "Reykjavik Open 2026"]
[Site "Reykjavik ISL"]
[Date "2026.03.26"]
[Round "2.24"]
[White "Magold, Filip"]
[Black "Brzezina, Pawel"]
[Result "1-0"]
[WhiteTitle "IM"]
[BlackTitle "CM"]
[WhiteElo "2484"]
[BlackElo "2248"]
[WhiteFideId "1254456"]
[BlackFideId "21078866"]
[EventDate "2026.03.25"]

1. c4 c6 2. Nf3 Nf6 3. e3 d5 4. Nc3 e6 5. d4 Nbd7 6. Bd3 dxc4 7. Bxc4 b5 8. Be2
Be7 9. O-O O-O 10. Qc2 Bb7 11. a3 a5 12. Rd1 b4 13. Na4 Qc7 14. Bd2 bxa3 15.
bxa3 c5 16. Rac1 Rfc8 17. Qb1 Rab8 18. Qa1 Ne4 19. Be1 Bf6 20. Nc3 Nd6 21. Qa2
Bxf3 22. Bxf3 cxd4 23. Ne2 Qb6 24. Rxc8+ Rxc8 25. Nxd4 Bxd4 26. Rxd4 Ne5 27. Be2
Nb7 28. Rd1 Nd8 29. Bc3 Qc7 30. Qb2 f6 31. Qb5 Ndf7 32. Bxa5 Qc2 33. Bb4 h6 34.
Rf1 Qe4 35. Bc5 Qc2 36. Bd4 Nc6 37. Ba1 Nd6 38. Qh5 Rb8 39. Qg4 Kf7 40. h4 Rb1
41. h5 Rxf1+ 42. Bxf1 Qc1 43. Qg6+ Kf8 44. Qd3 Ke7 45. Bc3 e5 46. a4 e4 47. Qd2
Qxd2 48. Bxd2 Ke6 49. a5 Kd5 50. Bc3 Kc5 51. Kh2 Nb7 52. a6 Nbd8 53. a7 1-0

[Event "Reykjavik Open 2026"]
[Site "Reykjavik ISL"]
[Date "2026.03.26"]
[Round "2.25"]
[White "Plaskan, Jure"]
[Black "Tsolakidou, Stavroula"]
[Result "0-1"]
[BlackTitle "IM"]
[WhiteElo "2237"]
[BlackElo "2479"]
[WhiteFideId "14605252"]
[BlackFideId "4264312"]
[EventDate "2026.03.25"]

1. e4 c5 2. Nf3 e6 3. d4 cxd4 4. Nxd4 Nc6 5. Nc3 Qc7 6. Qd3 Nf6 7. Ndb5 Qb8 8.
Qg3 d6 9. Be3 a6 10. Nd4 h5 11. f3 h4 12. Qf2 Ne5 13. a4 Qc7 14. Nb3 Nc4 15.
Bxc4 Qxc4 16. O-O-O Bd7 17. Bb6 e5 18. Kb1 Be7 19. Na5 Qc8 20. Rd3 Be6 21. Rhd1
O-O 22. Nd5 Nxd5 23. exd5 Bf5 24. Rc3 Qe8 25. b3 Rc8 26. Rc4 Qd7 27. g3 Rxc4 28.
Nxc4 Rc8 29. Qe2 Bf6 30. gxh4 e4 31. Ne3 exf3 32. Qxf3 Bh7 33. Bd4 Bxd4 34. Rxd4
b5 35. axb5 axb5 36. Rg4 Qc7 37. Qd1 Qc3 38. Rg3 0-1

[Event "Reykjavik Open 2026"]
[Site "Reykjavik ISL"]
[Date "2026.03.26"]
[Round "2.26"]
[White "Batsiashvili, Nino"]
[Black "Vincenti, Leonardo"]
[Result "1-0"]
[WhiteTitle "GM"]
[BlackTitle "FM"]
[WhiteElo "2472"]
[BlackElo "2226"]
[WhiteFideId "13602993"]
[BlackFideId "28550820"]
[EventDate "2026.03.25"]

1. d4 Nf6 2. c4 e6 3. Nf3 d5 4. Nc3 Bb4 5. Qa4+ Nc6 6. e3 O-O 7. Qc2 Re8 8. a3
Bf8 9. Bd2 e5 10. dxe5 Nxe5 11. cxd5 Nxd5 12. Nxe5 Rxe5 13. Bd3 Qh4 14. Nxd5
Rxd5 15. Bc3 Bg4 16. Be4 Rd6 17. h3 Bd7 18. Bxb7 Re8 19. Qe2 Rb8 20. Ba6 Rxa6
21. Qxa6 Bb5 22. Qxa7 Qh5 23. g4 Qd5 24. Qxb8 Qxh1+ 25. Kd2 Qd5+ 26. Bd4 Qc4 27.
Rd1 c5 28. Bc3 Ba4 29. Qd8 Bxd1 30. Kxd1 Qf1+ 31. Be1 Qxh3 32. g5 Qg4+ 33. Kc2
Qa4+ 34. Kb1 Qe4+ 35. Ka1 Qh1 36. Qd1 Qg1 37. a4 Qxg5 38. a5 Qg6 39. Bc3 h5 40.
Qh1 c4 41. Qh4 Qh6 42. Ka2 g5 43. Qxc4 h4 44. a6 h3 45. a7 h2 46. a8=Q h1=Q 47.
Qxh1 Qxh1 48. e4 Qh6 49. f3 Qg6 50. b4 g4 51. Qd4 Qe6+ 52. Kb2 f6 53. fxg4 Qxg4
54. Qd5+ Kg7 55. b5 Qg2+ 56. Kb3 Qg1 57. Qd7+ Kg8 58. Qd4 Qxd4 59. Bxd4 Kf7 60.
Kc4 Ke6 61. b6 Bd6 62. b7 f5 63. exf5+ Kxf5 64. Kd5 Bb8 65. Bc5 Kf6 66. Bd6 Ba7
67. Kc6 Ke6 68. Bg3 Ke7 69. Kc7 Ke6 70. Kc8 Kd5 71. Bf2 1-0

[Event "Reykjavik Open 2026"]
[Site "Reykjavik ISL"]
[Date "2026.03.26"]
[Round "2.27"]
[White "Mahalakshmi, M"]
[Black "Lavrencic, Matic"]
[Result "1/2-1/2"]
[WhiteTitle "WIM"]
[BlackTitle "IM"]
[WhiteElo "2232"]
[BlackElo "2472"]
[WhiteFideId "5001080"]
[BlackFideId "14637847"]
[EventDate "2026.03.25"]

1. d4 Nf6 2. Nf3 e6 3. e3 c5 4. Bd3 cxd4 5. exd4 Be7 6. O-O O-O 7. Re1 b6 8. Qe2
Bb7 9. c3 d6 10. Bf4 Nbd7 11. Nbd2 Re8 12. Qd1 Bf8 13. Nc4 Qc7 14. Bg3 Bc6 15.
a4 a6 16. h3 b5 17. axb5 axb5 18. Ncd2 Rxa1 19. Qxa1 Nb6 20. b3 Nbd5 21. Qb2 Qb7
22. Rb1 Nh5 23. Bh2 Ndf4 24. Qc2 Nxd3 25. Qxd3 Nf6 26. c4 Ne4 27. cxb5 Bd5 28.
Nf1 Nf6 29. Ra1 Rb8 30. Ra5 Qc7 31. Ra1 Be4 32. Qc4 Qb7 33. N1d2 Bd5 34. Qe2 Ne8
35. Ra6 Nc7 36. Ra1 Nxb5 37. Rc1 h6 38. Bf4 Be7 39. Kh2 Ra8 40. Rc2 Bf6 41. Be3
Ra6 42. Qd1 Rc6 43. Qc1 Na7 44. Rxc6 Nxc6 45. Qa3 Qb8 46. Kg1 Nb4 47. Bf4 g5 48.
Bg3 Be7 49. Qc1 f5 50. h4 f4 51. Bh2 Qb7 52. Qb1 Bf6 53. hxg5 hxg5 54. Qg6+ Qg7
55. Qe8+ Kh7 56. Qh5+ Qh6 57. Qf7+ Bg7 58. Qe7 Qf6 59. Nxg5+ Kg6 60. Qxf6+ Bxf6
61. Nge4 Nd3 62. Nxf6 Kxf6 63. f3 e5 1/2-1/2

[Event "Reykjavik Open 2026"]
[Site "Reykjavik ISL"]
[Date "2026.03.26"]
[Round "2.28"]
[White "Agmanov, Zhandos"]
[Black "Pleschke, Julius Jonas"]
[Result "1/2-1/2"]
[WhiteTitle "IM"]
[BlackTitle "CM"]
[WhiteElo "2463"]
[BlackElo "2208"]
[WhiteFideId "13708309"]
[BlackFideId "54734258"]
[EventDate "2026.03.25"]

1. e4 c6 2. d4 d5 3. e5 Bf5 4. Nf3 e6 5. Be2 Nd7 6. O-O Ne7 7. c3 h6 8. a4 Qc7
9. Na3 Bh7 10. Nc2 c5 11. dxc5 Nxc5 12. Ncd4 Nc6 13. a5 a6 14. Nxc6 bxc6 15. Be3
Nd7 16. Qa4 Be7 17. c4 O-O 18. cxd5 cxd5 19. Rfc1 Qb7 20. b4 Rfb8 21. Bc5 Nxc5
22. bxc5 Qc7 23. Qd4 f6 24. Qe3 Kf7 25. Nd4 fxe5 26. Bh5+ g6 27. Re1 gxh5 28.
Qxh6 Bg6 29. Nxe6 Kxe6 30. Qxg6+ Bf6 31. f4 Rg8 32. Qxh5 e4 33. Rad1 Qxc5+ 34.
Kh1 Rac8 35. Rb1 Qc2 36. Qh3+ Ke7 37. Rb7+ Rc7 38. Rb6 Rc6 39. Rb7+ Rc7 40. Rb6
Rc6 41. Rb7+ 1/2-1/2

[Event "Reykjavik Open 2026"]
[Site "Reykjavik ISL"]
[Date "2026.03.26"]
[Round "2.29"]
[White "Vojtek, Vladimir"]
[Black "Sochacki, Christophe"]
[Result "0-1"]
[WhiteTitle "FM"]
[BlackTitle "GM"]
[WhiteElo "2211"]
[BlackElo "2459"]
[WhiteFideId "14901919"]
[BlackFideId "662569"]
[EventDate "2026.03.25"]

1. e4 e6 2. d4 d5 3. Bd3 dxe4 4. Bxe4 Nf6 5. Bf3 c5 6. Ne2 Nc6 7. Be3 cxd4 8.
Nxd4 Ne5 9. Nc3 a6 10. Qe2 Qc7 11. O-O-O Bd7 12. Kb1 Nc4 13. Bc1 O-O-O 14. Ne4
Be7 15. Ng5 Rhf8 16. Rd3 e5 17. Rb3 b5 18. a4 b4 19. Nc6 Bxc6 20. Qxc4 Bxf3 21.
Qxc7+ Kxc7 22. Nxf3 Rd5 23. Re1 Nd7 24. c4 bxc3 25. Rxc3+ Kb7 26. Rb3+ Ka8 27.
Be3 f5 28. g3 Bc5 29. Rc1 h6 30. Rbc3 Bxe3 31. Rxe3 e4 32. Nh4 Ne5 33. Rb3 Nd3
34. Rc7 Rb8 35. Rxb8+ Kxb8 36. Rxg7 Nxf2 37. Re7 Kc8 38. Ng2 Rd3 39. Re5 Rd2 40.
Rxf5 Nd3 41. Ne3 Rxb2+ 42. Ka1 Re2 43. Nc4 e3 44. Kb1 Re1+ 45. Kc2 Nb4+ 46. Kc3
Rc1+ 47. Kxb4 e2 48. Re5 e1=Q+ 49. Rxe1 Rxe1 50. Nd6+ Kd7 51. Nf5 Re4+ 52. Kb3
h5 53. h3 Kc6 54. a5 Kc5 55. Kc3 Ra4 56. Kd3 Rxa5 57. g4 Ra3+ 58. Ke4 Rxh3 59.
g5 Rh1 60. g6 Rg1 61. g7 a5 62. Kf4 Rg4+ 63. Ke5 a4 64. Nd4 a3 65. Ne6+ Kc4 66.
Kf5 Rxg7 0-1

[Event "Reykjavik Open 2026"]
[Site "Reykjavik ISL"]
[Date "2026.03.26"]
[Round "2.30"]
[White "Garifullina, Leya"]
[Black "Birkisson, Bardur Orn"]
[Result "1/2-1/2"]
[WhiteTitle "IM"]
[BlackTitle "FM"]
[WhiteElo "2454"]
[BlackElo "2207"]
[WhiteFideId "34127035"]
[BlackFideId "2310597"]
[EventDate "2026.03.25"]

1. e4 c6 2. d4 d5 3. e5 Bf5 4. h4 h5 5. c4 e6 6. Nc3 dxc4 7. Bxc4 Nd7 8. Nge2
Be7 9. Nf4 Bg4 10. Be2 Bxe2 11. Qxe2 g6 12. g3 Nh6 13. Be3 Nf5 14. O-O-O Nb6 15.
Kb1 Nd5 16. Ncxd5 cxd5 17. Rc1 a6 18. Qc2 Kf8 19. Ne2 Kg7 20. Qd2 Rc8 21. Bg5
Bxg5 22. hxg5 Rc4 23. f3 Qb6 24. g4 Rxc1+ 25. Rxc1 hxg4 26. fxg4 Ne7 27. Qf4 Nc6
28. Rf1 Qc7 29. Nc3 b5 30. Nxd5 exd5 31. Qf6+ Kg8 32. Rc1 Qd7 33. Rxc6 Rh1+ 34.
Rc1 Rxc1+ 35. Kxc1 Qc8+ 36. Kd2 Qxg4 37. Qd8+ Kg7 38. Qxd5 Qxg5+ 39. Kc3 Qe3+
40. Kb4 g5 41. Qd8 g4 42. Qf6+ Kg8 43. Qd8+ Kg7 44. Qf6+ Kg8 45. Qd8+ Kg7 1/2-1/2

[Event "Reykjavik Open 2026"]
[Site "Reykjavik ISL"]
[Date "2026.03.26"]
[Round "2.31"]
[White "Fossheim, Yngve"]
[Black "Siva, Mahadevan"]
[Result "0-1"]
[BlackTitle "IM"]
[WhiteElo "2208"]
[BlackElo "2454"]
[WhiteFideId "1512277"]
[BlackFideId "25043153"]
[EventDate "2026.03.25"]

1. e4 e5 2. Nc3 Bc5 3. g3 Nf6 4. Bg2 O-O 5. Nge2 c6 6. O-O d5 7. exd5 cxd5 8. d4
exd4 9. Nxd4 Bg4 10. Qd3 Nc6 11. Nxc6 bxc6 12. b3 Re8 13. Bb2 Re6 14. Rfe1 Qe7
15. Rxe6 Qxe6 16. Na4 Bf8 17. Bd4 Bf5 18. Qe3 Qd7 19. c3 Re8 20. Qf4 Ne4 21. f3
Bd6 22. Qc1 Nf6 23. Qf1 Qe7 24. Qf2 Nd7 25. b4 a5 26. Nc5 Bxc5 27. bxc5 h5 28.
h4 a4 29. Bf1 Qe6 30. Qd2 f6 31. Kf2 a3 32. c4 dxc4 33. Qc3 Bd3 34. Bxd3 cxd3
35. Qxd3 Kf8 36. Qxa3 Qh3 37. Rg1 g5 38. Qd3 gxh4 39. Qg6 Qh2+ 40. Rg2 Re2+ 41.
Kxe2 Qxg2+ 42. Ke1 hxg3 43. Qxh5 Ke7 44. f4 Qxa2 45. Qg6 Qe6+ 46. Kd2 Qd5 47.
Ke3 f5 48. Qg5+ Ke8 49. Qh5+ Kd8 50. Qf3 g2 51. Qf2 Nxc5 52. Qh4+ Kc8 53. Qh8+
Kb7 54. Qg7+ Ka6 55. Kf2 Nd3+ 56. Kg3 c5 57. Bg1 Qe4 58. Qc7 Kb5 59. Qd7+ Kb4
60. Qd6 Qc4 61. Kxg2 Nxf4+ 62. Kf3 Qe4+ 63. Kg3 Qd3+ 64. Qxd3 Nxd3 65. Bxc5+
Kxc5 0-1

[Event "Reykjavik Open 2026"]
[Site "Reykjavik ISL"]
[Date "2026.03.26"]
[Round "2.32"]
[White "Tutisani, Noe"]
[Black "Matsumura, Cocoro"]
[Result "1-0"]
[WhiteTitle "IM"]
[BlackTitle "CM"]
[WhiteElo "2454"]
[BlackElo "2202"]
[WhiteFideId "13602853"]
[BlackFideId "36087114"]
[EventDate "2026.03.25"]

1. d4 d5 2. Bf4 c5 3. e3 Nc6 4. c3 Qb6 5. Qb3 c4 6. Qc2 e5 7. Bxe5 Nxe5 8. dxe5
Bf5 9. Qc1 f6 10. e6 Bc5 11. Nf3 Ne7 12. Be2 O-O 13. Nbd2 Qxe6 14. O-O b5 15.
Re1 Qb6 16. b4 Bd6 17. a4 a6 18. Rd1 Be5 19. Nf1 Be4 20. Ng3 Nc6 21. Rd2 a5 22.
axb5 axb4 23. Rxa8 Rxa8 24. Nxe4 Qxb5 25. Nxe5 Nxe5 26. Nd6 Qc5 27. Nf5 b3 28.
f4 Ra2 29. fxe5 Qa3 30. Qxa3 Rxa3 31. e6 g6 32. Bxc4 Ra2 33. Rxa2 1-0

[Event "Reykjavik Open 2026"]
[Site "Reykjavik ISL"]
[Date "2026.03.26"]
[Round "2.33"]
[White "Birkisson, Bjorn Holm"]
[Black "Baskin, Robert"]
[Result "1/2-1/2"]
[WhiteTitle "CM"]
[BlackTitle "IM"]
[WhiteElo "2200"]
[BlackElo "2435"]
[WhiteFideId "2310600"]
[BlackFideId "24662402"]
[EventDate "2026.03.25"]

1. d4 Nf6 2. c4 g6 3. Nc3 Bg7 4. e4 d6 5. h3 O-O 6. Nge2 a6 7. g4 c5 8. dxc5
dxc5 9. Qxd8 Rxd8 10. Be3 Nc6 11. Rd1 Rxd1+ 12. Kxd1 b5 13. Bxc5 Be6 14. cxb5
axb5 15. Bg2 Nd7 16. b4 Nxc5 17. bxc5 b4 18. e5 Rd8+ 19. Kc1 Nxe5 20. Rd1 Rxd1+
21. Nxd1 Nd3+ 22. Kb1 Nxc5 23. Ne3 Nd3 24. f4 Bd7 25. Nd5 Kf8 26. Nc1 Bb5 27.
Bf1 Nxf4 28. Bxb5 Nxd5 29. Kc2 Nf4 30. Bf1 Bc3 31. a4 Bd4 32. Kb3 Nd5 33. Na2
Ne3 34. Bb5 f5 35. gxf5 gxf5 36. Nxb4 Kf7 37. Nc6 Bc5 38. a5 Kf6 39. a6 f4 40.
Be2 e5 41. Bf3 Kf5 42. Ne7+ Kf6 43. Nc6 Kf5 44. Ne7+ Kf6 1/2-1/2

[Event "Reykjavik Open 2026"]
[Site "Reykjavik ISL"]
[Date "2026.03.26"]
[Round "2.34"]
[White "Akhvlediani, Irakli"]
[Black "Lyutsinger, Iren"]
[Result "1-0"]
[WhiteTitle "IM"]
[BlackTitle "FM"]
[WhiteElo "2429"]
[BlackElo "2182"]
[WhiteFideId "13601938"]
[BlackFideId "34425969"]
[EventDate "2026.03.25"]

1. d4 Nf6 2. c4 g6 3. Nc3 Bg7 4. e4 d6 5. h3 O-O 6. Be3 Nc6 7. d5 Ne5 8. f4 Ned7
9. g4 e5 10. dxe6 fxe6 11. Qc2 b6 12. Nge2 Bb7 13. Bg2 Nc5 14. O-O Nfd7 15. b4
Na6 16. a3 Qe7 17. Rad1 Rae8 18. Qd2 Nab8 19. Ng3 Ba6 20. Nb5 Bxb5 21. cxb5 Rc8
22. g5 Rfe8 23. h4 Nf8 24. Rc1 c5 25. bxc6 Nxc6 26. e5 d5 27. Ne2 Qd7 28. Rfd1
Rc7 29. Nc3 Ne7 30. Bf1 Rd8 31. Nb5 Rxc1 32. Rxc1 Nf5 33. Rc7 Qe8 34. Bf2 d4 35.
Nxd4 Rxd4 36. Bxd4 Qd8 37. Rxg7+ Kxg7 38. Be3 Qd5 39. Bg2 Qb3 40. Bf2 Qxa3 41.
Kh2 a5 42. bxa5 bxa5 43. Bc6 a4 44. Qc2 Ne3 45. Qxa4 Ng4+ 46. Kg2 Qxa4 47. Bxa4
Nxf2 48. Kxf2 Kf7 49. Ke3 Ke7 50. Kd4 Nd7 51. Bb3 Nb6 52. Kc5 Nd7+ 53. Kb5 Nb8
54. Ba4 Nd7 55. Kc6 Nf8 56. Kc7 Kf7 57. Kd8 h5 58. gxh6 1-0

[Event "Reykjavik Open 2026"]
[Site "Reykjavik ISL"]
[Date "2026.03.26"]
[Round "2.35"]
[White "Striskova, Lucia"]
[Black "Makkar, Rajat"]
[Result "0-1"]
[WhiteTitle "WFM"]
[BlackTitle "IM"]
[WhiteElo "2010"]
[BlackElo "2418"]
[WhiteFideId "14960958"]
[BlackFideId "36016810"]
[EventDate "2026.03.25"]

1. e4 e5 2. Nf3 Nc6 3. Bc4 Bc5 4. c3 Nf6 5. d3 d6 6. O-O a5 7. Re1 O-O 8. h3 Ba7
9. Bb3 Be6 10. Bc2 h6 11. d4 exd4 12. cxd4 Nb4 13. Nc3 Nxc2 14. Qxc2 d5 15. e5
Nd7 16. Nb5 Bb8 17. Bf4 Nb6 18. Rac1 c6 19. Nc3 Qd7 20. Na4 Nxa4 21. Qxa4 f6 22.
Qa3 Qf7 23. Bg3 f5 24. Bf4 Bc7 25. h4 Bd8 26. Qe3 a4 27. a3 Ra5 28. Re2 Qh5 29.
g3 Rb5 30. Rc3 Kh8 31. Rec2 Rg8 32. Qe1 Ba5 33. Qc1 Bxc3 34. Rxc3 Ra8 35. Ne1
Rg8 36. Nf3 Kh7 37. Kg2 Qe8 38. Qc2 Qe7 39. h5 Qf7 40. Qe2 Ra8 41. Nh4 Ra6 42.
Ng6 Qe8 43. Bc1 c5 44. Be3 Rab6 45. Rxc5 Rxb2 46. Qd1 Rb1 47. Bc1 Rc6 48. Qc2
Rxc5 49. dxc5 Rb3 50. Nf4 d4 51. Qd2 Qc6+ 52. Kh2 Rb1 53. Qc2 Qe4 54. Qxe4 fxe4
55. Bd2 Rb2 56. Be1 Bd7 57. e6 Bc6 0-1

[Event "Reykjavik Open 2026"]
[Site "Reykjavik ISL"]
[Date "2026.03.26"]
[Round "2.36"]
[White "Jiang, Brian"]
[Black "Injac, Teodora"]
[Result "0-1"]
[BlackTitle "IM"]
[WhiteElo "1983"]
[BlackElo "2417"]
[WhiteFideId "2627922"]
[BlackFideId "932400"]
[EventDate "2026.03.25"]

1. c4 e5 2. Nc3 Bb4 3. Nd5 a5 4. Nf3 d6 5. a3 Bc5 6. d4 exd4 7. Nxd4 Ne7 8. Bg5
f6 9. Bf4 Nbc6 10. Nb5 Nxd5 11. cxd5 Ne5 12. e3 O-O 13. Be2 Qe7 14. O-O Rf7 15.
Qd2 a4 16. Rac1 Bb6 17. h3 g5 18. Bh2 Rg7 19. Qc3 g4 20. Bxe5 fxe5 21. hxg4 Qg5
22. Qc4 h5 23. Nc3 hxg4 24. g3 Qh5 25. Ne4 Kh8 26. Nf6 Qg6 27. Ne4 Qh6 28. Rfd1
Rh7 29. Bf1 Qh2# 0-1

[Event "Reykjavik Open 2026"]
[Site "Reykjavik ISL"]
[Date "2026.03.26"]
[Round "2.37"]
[White "Kjartansson, Gudmundur"]
[Black "Liu, Bei"]
[Result "1/2-1/2"]
[WhiteTitle "GM"]
[WhiteElo "2416"]
[BlackElo "1963"]
[WhiteFideId "2301318"]
[BlackFideId "8603596"]
[EventDate "2026.03.25"]

1. c4 e6 2. Nc3 d5 3. d4 Nf6 4. cxd5 exd5 5. Bg5 c6 6. e3 h6 7. Bh4 Be6 8. Bd3
Nbd7 9. f3 Bd6 10. Nge2 Qc7 11. Qd2 g5 12. Bf2 Nb6 13. O-O-O O-O-O 14. Kb1 Qd7
15. Qc2 Kb8 16. Nc1 Qe7 17. Nb3 Nfd7 18. e4 f6 19. Rhe1 Qf8 20. Ne2 Nc8 21. Ng3
Ne7 22. Nf1 h5 23. Bg3 Bxg3 24. hxg3 Qf7 25. Nc1 Rc8 26. Ne3 c5 27. exd5 Nxd5
28. Nxd5 Bxd5 29. Bg6 Qg7 30. Bf5 cxd4 31. Qf2 Rcd8 32. Rxd4 Nb6 33. Red1 Qc7
34. Qd2 Nc4 35. Qc3 Nb6 36. Qd3 Rd6 37. b3 Rhd8 38. Ne2 Qe7 39. Qd2 Kc7 40. Nc3
Bc6 41. Re1 Qf8 42. Rxd6 Rxd6 43. Qe3 Nd5 44. Nxd5+ Rxd5 45. Be4 Re5 46. Qc3 Rc5
47. Qd4 Qd6 48. Qxd6+ Kxd6 49. Bxc6 bxc6 50. Kb2 Re5 51. Rd1+ Kc7 52. Kc3 g4 53.
fxg4 hxg4 54. Kd3 Rd5+ 55. Ke2 Rxd1 56. Kxd1 Kd6 57. Kd2 Kd5 58. Kd3 f5 59. b4
a6 60. a4 c5 61. Kc3 Kc6 62. Kc4 cxb4 63. Kxb4 Kb6 64. a5+ Kc6 65. Kc4 Kd6 66.
Kd4 Kc6 67. Ke5 Kb5 68. Kxf5 Kxa5 69. Kxg4 Kb4 70. Kf5 a5 71. g4 a4 72. g5 a3
73. g6 a2 74. g7 a1=Q 75. g8=Q Qf1+ 76. Ke5 Qe2+ 77. Kd6 Qa6+ 78. Ke5 Qe2+ 79.
Kf6 Qf2+ 80. Ke7 Qa7+ 81. Kf8 Qa8+ 82. Kf7 Qd5+ 83. Kf8 Qa8+ 84. Kf7 Qd5+ 85.
Kf8 1/2-1/2

[Event "Reykjavik Open 2026"]
[Site "Reykjavik ISL"]
[Date "2026.03.26"]
[Round "2.38"]
[White "Tsatsalashvili, Keti"]
[Black "Cornette, Matthieu"]
[Result "0-1"]
[WhiteTitle "WGM"]
[BlackTitle "GM"]
[WhiteElo "2305"]
[BlackElo "2535"]
[WhiteFideId "13603434"]
[BlackFideId "620084"]
[EventDate "2026.03.25"]

1. Nf3 d5 2. b3 c5 3. e3 a6 4. Bb2 Nc6 5. Be2 Nf6 6. O-O d4 7. b4 dxe3 8. fxe3
cxb4 9. a3 bxa3 10. Nxa3 g6 11. Ne5 Nxe5 12. Bxe5 Bg7 13. Nb5 O-O 14. Nc7 Ng4
15. Bg3 Bxa1 16. Qxa1 Qxd2 17. Bf3 Qxe3+ 18. Kh1 Bf5 19. Nd5 Qc5 20. h3 Nf6 21.
Nxe7+ Qxe7 22. Bh4 Kg7 23. g4 Be4 24. Bxe4 Qxe4+ 25. Kg1 Rac8 26. Bxf6+ Kg8 27.
c3 Qe3+ 28. Kg2 Rfd8 29. Bxd8 Rxd8 30. Rf2 Rd3 0-1